Education laws jurisprudence and governance / (Record no. 2197)
[ view plain ]
| 000 -LEADER | |
|---|---|
| fixed length control field | 00582nam a22001697a 4500 |
| 005 - DATE AND TIME OF LATEST TRANSACTION | |
| control field | 20230713044246.0 |
| 008 - FIXED-LENGTH DATA ELEMENTS--GENERAL INFORMATION | |
| fixed length control field | 230713b |||||||| |||| 00| 0 eng d |
| 020 ## - INTERNATIONAL STANDARD BOOK NUMBER | |
| International Standard Book Number | 978-971-9667-10-0 |
| 082 ## - DEWEY DECIMAL CLASSIFICATION NUMBER | |
| Classification number | G.S./Fil. 344.59907 D286 2019 |
| 100 ## - MAIN ENTRY--PERSONAL NAME | |
| Personal name | De Belen, Rustico T. |
| Relator term | author |
| 245 ## - TITLE STATEMENT | |
| Title | Education laws jurisprudence and governance / |
| Statement of responsibility, etc. | Rustico T. De Belen |
| 260 ## - PUBLICATION, DISTRIBUTION, ETC. | |
| Place of publication, distribution, etc. | Quezon City: |
| Name of publisher, distributor, etc. | Jobal Publishing House, |
| Date of publication, distribution, etc. | c2019 |
| 300 ## - PHYSICAL DESCRIPTION | |
| Extent | viii, 582p. |
| 504 ## - BIBLIOGRAPHY, ETC. NOTE | |
| Bibliography, etc. note | Includes bibliographical references |
| 541 ## - IMMEDIATE SOURCE OF ACQUISITION NOTE | |
| Accession number | 7274 c.1, 7275 c.2 |
| 650 ## - SUBJECT ADDED ENTRY--TOPICAL TERM | |
| Topical term or geographic name entry element | Education - Philippines - Laws and legislation |
| Withdrawn status | Lost status | Source of classification or shelving scheme | Damaged status | Not for loan | Home library | Current library | Date acquired | Total Checkouts | Full call number | Barcode | Date last seen | Copy number | Price effective from | Koha item type |
|---|---|---|---|---|---|---|---|---|---|---|---|---|---|---|
| Dewey Decimal Classification | ctu-moalboal | ctu-moalboal | 02/04/2022 | G.S./Fil/ 344.59907 D286 2019 | 7274 | 07/13/2023 | 1 | 07/13/2023 | Books - Graduate School | |||||
| Dewey Decimal Classification | ctu-moalboal | ctu-moalboal | 02/04/2022 | G.S./Fil/ 344.59907 D286 2019 | 7275 | 07/13/2023 | 2 | 07/13/2023 | Books - Graduate School |